000 00639cam a22002171 4500
001 he 68000577
003 DLC
005 20260227111454.0
008 840321s1965 is 000 0 heb
010 _ahe 68000577
035 _a(OCoLC)19167012
040 _aDLC
_cMH
_dDLC
042 _apremarc
050 0 0 _aPG3337.L4
_bA534
100 1 _aLermontov, Mikhail I͡Urʹevich,
_d1814-1841.
245 1 0 _aShirim u-foʼemot /
_cme-Rusit Y. Likhṭenbom ...
260 _aTel Aviv :
_bAlef,
_c726 [1965 or 1966]
300 _a96 p. :
_bill., port. ;
_c25 cm.
700 1 _aLichtenbaum, Joseph,
_d1895-1968,
_etr.
752 _aIsrael
_dTel Aviv
999 _c32976
_d32976